En Bulgarie et en Roumelie (Запис номер 431119)
[ съкратено ]
| 000 -Лидер | |
|---|---|
| Контролно поле с фиксирана дължина | nam a22 a 4500 |
| 003 - Код на организацията, давaща контролен номер | |
| Контролно поле | BLK |
| 005 - Дата и час на последна редакция | |
| Контролно поле | 20210903143406.0 |
| 008 - Елементи от данни с фиксирана дължина | |
| fixed length control field | 180408b bul|||||r ||||||| ||bul|| |
| 040 ## - Източник на каталожния запис | |
| Идентификатор на билиотеката - собственик на записа | BLK |
| 041 ## - Код за език | |
| Код за езика на текст/звукозапис или на отделно заглавие | Френски |
| Код за езика КДБФ | Френски |
| 080 ## - УДК | |
| Текстов определител УДК | География на България |
| УДК код - определител по УДК | 913(497.2) |
| УДК - код + определител | 913(497.2) |
| 080 ## - УДК | |
| Текстов определител УДК | География на Гърция |
| УДК код - определител по УДК | 913(495) |
| УДК - код + определител | 913(495) |
| 080 ## - УДК | |
| Текстов определител УДК | Френска литература |
| УДК код - определител по УДК | 821.133.1 |
| УДК определител | -992 |
| УДК - код + определител | 821.133.1-992 |
| 100 ## - Редна дума - Автор | |
| Автор | Erdic, Jean |
| Авторска отговорност | първи автор |
| R(LIN) | 463938 |
| 139 ## - Редно поле | |
| Редна дума | Erdic, Jean |
| 245 10 - Сведения за заглавието | |
| Заглавие | En Bulgarie et en Roumelie |
| Подзаглавни данни | Mai-juin 1884 |
| Редно поле (дума) | Jean Erdic |
| 246 ## - Различни форми на заглавието | |
| Паралелно заглавие | Souvenirs des Balkans |
| Подзаглавни данни | Rene Millet |
| 257 ## - Страна на издаване | |
| Страна на създаване/издаване | Франция |
| 260 ## - Област на издателските данни | |
| Място на издаване, разпространение и проч. | Paris |
| Име на издателя, разпространителя и проч. | Alphonse Lemerre |
| Година на издаване | 1885 |
| 9 (RLIN) | 213435 |
| 260 ## - Област на издателските данни | |
| Място на издаване, разпространение и проч. | Paris |
| Име на издателя, разпространителя и проч. | Hachette |
| Година на издаване | 1891 |
| 9 (RLIN) | 210229 |
| Издателство - префикс ISBN | 2-01- |
| 300 ## - Физическа характеристика | |
| Страници | 819 с. |
| Размери/Мащаб | 19 см |
| 380 ## - Жанр | |
| Жанр | География |
| 490 ## - СЕРИИ (Колекции) | |
| 9 (RLIN) | 435080 |
| Име на серия | Колекция Редки и ценни издания |
| 500 ## - Общи забележки | |
| Забележка | Jean Erdic. - Жан Ердик - псевд. на Емен Кейе |
| 505 ## - Форматирана забележка | |
| Заглавие | Подв. с Souvenirs des Balkans/ Rene Millet 1891 |
| 650 #4 - Допълнително описание по предмет – тема | |
| Основно описание – тема или топоним | България - пътеписи |
| 9 (RLIN) | 293385 |
| 653 ## - Ключова дума – ненормативна | |
| Ключова дума | пътеписи |
| 653 ## - Ключова дума – ненормативна | |
| Ключова дума | история |
| 653 ## - Ключова дума – ненормативна | |
| Ключова дума | България |
| 700 ## - Други автори (авторска отговорност) | |
| Лично име | Мillet, Rene |
| 9 (RLIN) | 463940 |
| 852 ## - Местоположение | |
| Форматна сигнатура | Рф 885 |
| Фондова буква | Редки и ценни |
| 856 4# - Електронен адрес и достъп | |
| Електронен формат | pdf - файл |
| 856 4# - Електронен адрес и достъп | |
| Електронен формат | pdf - файл |
| 999 ## - СИСТЕМНИ КОНТРОЛНИ НОМЕРА | |
| Koha biblionumber | 431119 |
| Koha biblioitemnumber | 431119 |
| 942 ## - АРТИКУЛИ | |
| Вид на библиотечния материал | Книги |
| Скрит в OPAC | Не |
| Периодичен библиозапис | Да |
| 944 ## - СЪЗДАВАНЕ И РЕДАКЦИЯ на ЗАПИСА | |
| Създаване/Редакция | Създаване |
| Дата на регистрацията/редакция | 2021-09-03 |
| Служител, извършил регистрацията/редакцията | К.Д. |
| Код за отписване | Код за изгубен артикул | Източник на класификационната схема | Код за повреда | Коз за рестрикции | Код за отдаване | Артикулен № | Име на библиотеката - собственик | Име на библиотеката, в която се намира в момента | Статус (Текущо местоположение) | Дата на вписване в системата | Местоположение - отдел | Цена в лева | Инвентарен номер | Систематично азбучна сигнатура | Баркод | Цена в евро | Служебен тип на артикула |
|---|---|---|---|---|---|---|---|---|---|---|---|---|---|---|---|---|---|
| Не е изгубен | Universal Decimal Classification | Не е повреден | само за читалня | Специални фондове ( старопечатни, редки и ценни, фонд М. Арнаудов) | 854545 | Регионална библиотека "Любен Каравелов" Русе | Регионална библиотека "Любен Каравелов" Русе | Редки и ценни | 2021-09-23 | Редки и ценни | 0.82 | 10854 | Рф 885 | 900000077285 | 0.42 | Книги |